[Event "8th RTU Open 2018"]
[Site "Riga"]
[Date "2018.08.10"]
[Round "7"]
[White "Lapshun, Yury"]
[Black "Gurvich, Vitaly"]
[Result "1/2-1/2"]
[WhiteElo "2403"]
[BlackElo "2272"]
[Annotator "NA"]
[PlyCount "247"]
[EventDate "2018.08.06"]
[EventType "swiss"]
[EventCountry "LAT"]
[SourceTitle "playchess.com"]
[Source "ChessBase"]
[SourceQuality "1"]
[TimeControl "5400+30"]

1. e4 {[%emt 0:27:37]} c6 {[%emt 0:00:00]} 2. d4 {[%emt 0:00:31]} d5 {[%emt 0:00:00]} 3. Nd2 {[%emt 0:00:03]} dxe4 {[%emt 0:00:00]} 4. Nxe4 {[%emt 0:00:02]} Nf6 {[%emt 0:00:00]} 5. Ng3 {[%emt 0:00:19]} g6 {[%emt 0:03:24]} 6. Nf3 {[%emt 0:00:52]} Bg7 {[%emt 0:00:07]} 7. Bc4 {[%emt 0:00:23]} O-O {[%emt 0:00:57]} 8. O-O {[%emt 0:00:15]} Bg4 {[%emt 0:03:02]} 9. c3 {[%emt 0:00:21]} Nbd7 {[%emt 0:00:49]} 10. Re1 {[%emt 0:00:30]} e6 {[%emt 0:04:55]} 11. h3 {[%emt 0:03:22]} Bxf3 {[%emt 0:00:04]} 12. Qxf3 {[%emt 0:00:03]} Re8 {[%emt 0:00:24]} 13. Ne4 {[%emt 0:03:27]} Nxe4 {[%emt 0:01:41]} 14. Rxe4 {[%emt 0:00:20]} Nf6 {[%emt 0:05:45]} 15. Re1 {[%emt 0:02:33]} Nd5 {[%emt 0:00:18]} 16. Bd2 {[%emt 0:00:33]} Qd7 {[%emt 0:03:36]} 17. Rad1 {[%emt 0:00:17]} b5 {[%emt 0:07:15]} 18. Bb3 {[%emt 0:00:50]} a5 {[%emt 0:00:26]} 19. Bc1 {[%emt 0:02:41]} a4 {[%emt 0:00:24]} 20. Bc2 {[%emt 0:00:02]} Rac8 {[%emt 0:04:59]} 21. h4 {[%emt 0:01:43]} h5 {[%emt 0:01:53]} 22. g3 {[%emt 0:01:35]} Nf6 {[%emt 0:05:45]} 23. Bg5 {[%emt 0:12:40]} Nd5 {[%emt 0:01:27]} 24. Be4 {[%emt 0:02:38]} Rb8 {[%emt 0:12:10]} 25. Kg2 {[%emt 0:02:59]} Rbc8 {[%emt 0:01:13]} 26. Qd3 {[%emt 0:00:28]} Ra8 {[%emt 0:03:50]} 27. Kg1 {[%emt 0:00:25]} Kh7 {[%emt 0:05:16]} 28. Bf3 {[%emt 0:00:30]} Kg8 {[%emt 0:00:29]} 29. g4 {[%emt 0:01:15]} hxg4 {[%emt 0:00:28]} 30. Bxg4 {[%emt 0:00:02]} Bf6 {[%emt 0:06:12]} 31. Qg3 {[%emt 0:01:32]} Bxg5 {[%emt 0:02:57]} 32. hxg5 {[%emt 0:00:04]} Qc7 {[%emt 0:00:07]} 33. Re5 {[%emt 0:00:28]} Kg7 {[%emt 0:00:38]} 34. Kg2 {[%emt 0:08:08]} Rh8 {[%emt 0:00:15]} 35. Rh1 {[%emt 0:03:16]} Rxh1 {[%emt 0:01:26]} 36. Kxh1 {[%emt 0:00:01]} a3 {[%emt 0:01:43]} 37. b4 {[%emt 0:02:16]} Rh8+ {[%emt 0:07:09]} 38. Kg1 {[%emt 0:00:04]} Qd6 {[%emt 0:00:51]} 39. Be2 {[%emt 0:03:50]} Qe7 {[%emt 0:01:09]} 40. Re4 {[%emt 0:00:50]} Qc7 {[%emt 0:00:14]} 41. Re5 {[%emt 0:00:46]} Qd6 {[%emt 0:00:28]} 42. Bf1 {[%emt 0:00:36]} Qc7 {[%emt 0:01:12]} 43. Bg2 {[%emt 0:01:04]} Qd6 {[%emt 0:00:11]} 44. Be4 {[%emt 0:02:14]} Qc7 {[%emt 0:01:17]} 45. Kf1 {[%emt 0:04:37]} Qb8 {[%emt 0:01:20]} 46. Bg2 {[%emt 0:04:33]} Qd6 {[%emt 0:00:32]} 47. Ke2 {[%emt 0:00:39]} Qb8 {[%emt 0:01:23]} 48. Kd2 {[%emt 0:01:33]} Qd6 {[%emt 0:01:48]} 49. Kc2 {[%emt 0:00:32]} Qb8 {[%emt 0:00:31]} 50. Be4 {[%emt 0:02:05]} Rh5 {[%emt 0:01:46]} 51. Bf3 {[%emt 0:00:49]} Rh8 {[%emt 0:00:23]} 52. Re2 {[%emt 0:01:15]} Qd8 {[%emt 0:03:25]} 53. Re1 {[%emt 0:00:19]} Kg8 {[%emt 0:01:34]} 54. Rh1 {[%emt 0:02:14]} Rxh1 {[%emt 0:00:42]} 55. Bxh1 {[%emt 0:00:02]} Kg7 {[%emt 0:01:20]} 56. Qe5+ {[%emt 0:00:01]} Kg8 {[%emt 0:00:07]} 57. Be4 {[%emt 0:00:19]} Kh7 {[%emt 0:01:12]} 58. Kd2 {[%emt 0:00:32]} Kg8 {[%emt 0:00:26]} 59. Kd3 {[%emt 0:00:39]} Kh7 {[%emt 0:00:11]} 60. Kc2 {[%emt 0:00:05]} Kg8 {[%emt 0:00:45]} 61. Qg3 {[%emt 0:02:08]} Kh7 {[%emt 0:01:09]} 62. Qe5 {[%emt 0:00:53]} Kg8 {[%emt 0:00:15]} 63. Kd2 {[%emt 0:00:02]} Kh7 {[%emt 0:00:08]} 64. Bc2 {[%emt 0:00:10]} Kg8 {[%emt 0:00:24]} 65. Bb3 {[%emt 0:00:02]} Kh7 {[%emt 0:00:37]} 66. Bd1 {[%emt 0:01:16]} Kg8 {[%emt 0:00:13]} 67. Bf3 {[%emt 0:00:04]} Kh7 {[%emt 0:00:25]} 68. Kc2 {[%emt 0:00:14]} Kg8 {[%emt 0:00:07]} 69. Kb3 {[%emt 0:00:26]} Qa8 {[%emt 0:00:19]} 70. Kc2 {[%emt 0:00:01]} Qd8 {[%emt 0:00:06]} 71. Be4 {[%emt 0:00:44]} Kh7 {[%emt 0:00:15]} 72. Bxd5 cxd5 {[%emt 0:00:17]} 73. Qe2 {[%emt 0:01:03]} Qb6 {[%emt 0:00:41]} 74. Kd2 {[%emt 0:00:36]} Kg8 {[%emt 0:00:24]} 75. Kc2 {[%emt 0:00:55]} Kh7 {[%emt 0:00:42]} 76. Qf1 {[%emt 0:01:12]} Kg8 {[%emt 0:00:25]} 77. Kd2 {[%emt 0:00:07]} Qb8 {[%emt 0:00:36]} 78. Kc2 {[%emt 0:00:47]} Qb6 {[%emt 0:00:11]} 79. Qc1 {[%emt 0:00:16]} Qa6 {[%emt 0:00:34]} 80. Kb1 {[%emt 0:00:57]} Qa7 {[%emt 0:00:37]} 81. Kc2 {[%emt 0:00:28]} Qa6 {[%emt 0:00:20]} 82. Kd3 {[%emt 0:00:09]} Qa7 {[%emt 0:00:17]} 83. Kd2 {[%emt 0:00:19]} Qa6 {[%emt 0:00:11]} 84. Ke3 {[%emt 0:00:17]} Qa7 {[%emt 0:00:07]} 85. Kf3 {[%emt 0:00:17]} Qa6 {[%emt 0:00:14]} 86. Ke2 {[%emt 0:00:03]} Qa7 {[%emt 0:00:05]} 87. Qf4 {[%emt 0:00:19]} Qb6 {[%emt 0:01:04]} 88. Qc1 {[%emt 0:00:04]} Qa6 {[%emt 0:00:13]} 89. Kd1 {[%emt 0:00:25]} Qa4+ {[%emt 0:01:48]} 90. Qc2 {[%emt 0:00:05]} Qa6 {[%emt 0:00:05]} 91. Qc1 {[%emt 0:00:17]} Qa4+ {[%emt 0:00:05]} 92. Ke2 {[%emt 0:00:03]} Qa6 {[%emt 0:00:09]} 93. Ke1 {[%emt 0:00:05]} Qa4 {[%emt 0:00:17]} 94. Kd2 {[%emt 0:00:23]} Qa6 {[%emt 0:00:08]} 95. Kd3 {[%emt 0:00:08]} Qa4 {[%emt 0:00:15]} 96. Qe1 {[%emt 0:01:22]} Qa6 {[%emt 0:01:44]} 97. Qc1 {[%emt 0:00:39]} Qa4 {[%emt 0:00:09]} 98. Kd2 {[%emt 0:00:16]} Qa6 {[%emt 0:00:08]} 99. Kc2 {[%emt 0:00:05]} Qa4+ {[%emt 0:00:32]} 100. Kb1 {[%emt 0:00:01]} Qa6 {[%emt 0:00:07]} 101. Qf1 {[%emt 0:00:37]} Qc6 {[%emt 0:00:38]} 102. Kc2 {[%emt 0:00:05]} Qa6 {[%emt 0:00:21]} 103. Qe2 {[%emt 0:00:47]} Qa4+ {[%emt 0:00:08]} 104. Kc1 {[%emt 0:00:06]} Qa6 {[%emt 0:00:05]} 105. Kd2 {[%emt 0:00:12]} Qc6 {[%emt 0:00:23]} 106. Qd3 {[%emt 0:00:03]} Qa6 {[%emt 0:00:09]} 107. Qg3 {[%emt 0:00:15]} Qb6 {[%emt 0:00:52]} 108. Kc2 {[%emt 0:00:23]} Kh7 {[%emt 0:00:18]} 109. Qf4 {[%emt 0:00:38]} Kg8 {[%emt 0:00:15]} 110. Kd2 {[%emt 0:00:48]} Kg7 {[%emt 0:01:04]} 111. Qf6+ {[%emt 0:00:16]} Kg8 {[%emt 0:00:02]} 112. Qe7 {[%emt 0:00:14]} Qb8 {[%emt 0:03:50]} 113. Ke3 {[%emt 0:00:36]} Qc8 {[%emt 0:00:14]} 114. Qc5 {[%emt 0:00:54]} Qb7 {[%emt 0:00:55]} 115. Ke2 {[%emt 0:01:39]} Kg7 {[%emt 0:00:22]} 116. Ke3 {[%emt 0:01:00]} Kg8 {[%emt 0:00:19]} 117. Kd3 {[%emt 0:00:32]} Kg7 {[%emt 0:00:08]} 118. Kc2 {[%emt 0:00:08]} Kg8 {[%emt 0:00:35]} 119. f3 {[%emt 0:01:33]} Kg7 {[%emt 0:00:26]} 120. Qd6 {[%emt 0:00:23]} Qc8 {[%emt 0:00:23]} 121. Qc5 {[%emt 0:02:00]} Qb7 {[%emt 0:00:20]} 122. Kb3 {[%emt 0:00:12]} Qa6 {[%emt 0:00:06]} 123. Kc2 {[%emt 0:00:02]} Qb7 {[%emt 0:00:08]} 124. Kb3 {[%emt 0:01:01]} 1/2-1/2

[Event "8th RTU Open 2018"]
[Site "Riga"]
[Date "2018.08.10"]
[Round "7"]
[White "Miedema, David"]
[Black "Sorensen, Hampus"]
[Result "1-0"]
[WhiteElo "2397"]
[BlackElo "2267"]
[Annotator "NA"]
[PlyCount "87"]
[EventDate "2018.08.06"]
[EventType "swiss"]
[EventCountry "LAT"]
[SourceTitle "playchess.com"]
[Source "ChessBase"]
[SourceQuality "1"]
[TimeControl "5400+30"]

1. d4 {[%emt 0:05:28]} d5 {[%emt 0:00:00]} 2. c4 {[%emt 0:00:36]} c6 {[%emt 0:00:20]} 3. Nf3 {[%emt 0:00:11]} Nf6 {[%emt 0:01:18]} 4. Nc3 {[%emt 0:00:23]} e6 {[%emt 0:00:22]} 5. g3 {[%emt 0:00:25]} dxc4 {[%emt 0:04:41]} 6. Bg2 {[%emt 0:00:05]} b5 {[%emt 0:02:19]} 7. O-O {[%emt 0:04:27]} Bb7 {[%emt 0:01:54]} 8. a4 {[%emt 0:03:34]} a6 {[%emt 0:03:23]} 9. Ne5 {[%emt 0:02:04]} Qb6 {[%emt 0:03:00]} 10. e4 {[%emt 0:08:08]} Nbd7 {[%emt 0:09:09]} 11. Nxd7 {[%emt 0:05:28]} Nxd7 {[%emt 0:00:49]} 12. e5 {[%emt 0:05:39]} b4 {[%emt 0:20:01]} 13. a5 {[%emt 0:01:07]} Qc7 {[%emt 0:01:18]} 14. Ne4 {[%emt 0:01:40]} c5 {[%emt 0:02:56]} 15. Nd6+ {[%emt 0:04:17]} Bxd6 {[%emt 0:00:19]} 16. exd6 {[%emt 0:00:04]} Qb8 {[%emt 0:01:38]} 17. Qg4 {[%emt 0:04:42]} Bxg2 {[%emt 0:03:23]} 18. Qxg7 {[%emt 0:00:10]} Rf8 {[%emt 0:00:10]} 19. Kxg2 {[%emt 0:00:45]} Qxd6 {[%emt 0:00:34]} 20. dxc5 {[%emt 0:02:22]} Qd5+ {[%emt 0:03:40]} 21. f3 {[%emt 0:00:55]} O-O-O {[%emt 0:03:16]} 22. c6 {[%emt 0:03:02]} Qxc6 {[%emt 0:01:24]} 23. Be3 {[%emt 0:08:14]} Nc5 {[%emt 0:02:55]} 24. Rad1 {[%emt 0:00:05]} Nd3 {[%emt 0:12:23]} 25. Bb6 {[%emt 0:00:14]} Rde8 {[%emt 0:03:23]} 26. b3 {[%emt 0:05:18]} Nf4+ {[%emt 0:02:59]} 27. Kh1 {[%emt 0:02:11]} Nd5 {[%emt 0:00:10]} 28. bxc4 {[%emt 0:00:29]} Nxb6 {[%emt 0:01:15]} 29. axb6 {[%emt 0:00:03]} Rd8 {[%emt 0:03:02]} 30. c5 {[%emt 0:00:36]} a5 {[%emt 0:06:37]} 31. Kg2 {[%emt 0:07:13]} a4 {[%emt 0:01:25]} 32. Qe5 {[%emt 0:01:20]} f6 {[%emt 0:00:57]} 33. Qf4 {[%emt 0:00:03]} b3 {[%emt 0:01:00]} 34. Ra1 {[%emt 0:00:03]} e5 {[%emt 0:00:59]} 35. Qg4+ {[%emt 0:00:42]} Kb7 {[%emt 0:00:29]} 36. Rxa4 {[%emt 0:00:13]} Qxc5 {[%emt 0:00:43]} 37. Qg7+ {[%emt 0:00:21]} Kxb6 {[%emt 0:00:40]} 38. Qa7+ {[%emt 0:00:05]} Kc6 {[%emt 0:00:03]} 39. Ra6+ {[%emt 0:00:05]} Kd5 {[%emt 0:00:18]} 40. Rd1+ {[%emt 0:00:45]} Qd4 {[%emt 0:00:05]} 41. Qb7+ {[%emt 0:00:24]} Kc4 {[%emt 0:00:25]} 42. Qc6+ {[%emt 0:00:39]} Qc5 {[%emt 0:00:19]} 43. Ra4+ {[%emt 0:00:04]} Kc3 {[%emt 0:00:03]} 44. Qxc5+ {[%emt 0:00:02]} 1-0

[Event "8th RTU Open 2018"]
[Site "Riga"]
[Date "2018.08.10"]
[Round "7"]
[White "Akesson, Ralf"]
[Black "Priyanka, Nutakki"]
[Result "1/2-1/2"]
[WhiteElo "2389"]
[BlackElo "2212"]
[Annotator "NA"]
[PlyCount "57"]
[EventDate "2018.08.06"]
[EventType "swiss"]
[EventCountry "LAT"]
[SourceTitle "playchess.com"]
[Source "ChessBase"]
[SourceQuality "1"]
[TimeControl "5400+30"]

1. Nf3 Nf6 2. c4 b6 3. Nc3 Bb7 4. d4 e6 5. a3 Be7 6. d5 d6 7. e4 e5 8. b4 Nbd7 9. Bd3 O-O 10. O-O a5 11. Be3 g6 12. Nd2 Nh5 13. Nb3 axb4 14. axb4 Rxa1 15. Qxa1 Bg5 16. Qc1 Bxe3 17. Qxe3 f5 18. Ra1 Nf4 19. Bf1 Nf6 20. Nd2 Ng4 21. Qe1 Qg5 22. f3 Ne3 23. Qg3 Qh6 24. Ra7 Nh5 25. Qe1 Rb8 26. Ra2 Rf8 27. Ra7 Rb8 28. Ra2 Rf8 29. Ra7 1/2-1/2

[Event "8th RTU Open 2018"]
[Site "Riga"]
[Date "2018.08.10"]
[Round "7"]
[White "Hansen, Mads"]
[Black "Praggnanandhaa, R."]
[Result "1-0"]
[WhiteElo "2387"]
[BlackElo "2532"]
[Annotator "TA"]
[PlyCount "92"]
[EventDate "2018.08.06"]
[EventType "swiss"]
[EventCountry "LAT"]
[SourceTitle "playchess.com"]
[Source "ChessBase"]
[SourceQuality "1"]

{[%evp 17,92,-7,-7,0,-8,-8,-8,-21,-14,-32,0,-28,-15,-19,-27,-91,-59,-103,-62,-58,-44,-46,-41,-65,-59,-90,-84,-90,-85,-90,-62,-70,-81,-98,-90,-132,-122,-137,-136,-199,-109,-127,-96,-127,-128,-451,-458,-468,-451,-481,-477,-470,-470,-449,-414,-406,-408,-535,-441,-518,-420,-550,-402,-491,0,-458,-395,-558,-556,-549,-549,-551,-545,-736,-722,-29977,-29979]} 1. e4 c5 2. Nf3 e6 3. d4 cxd4 4. Nxd4 a6 5. c4 Nf6 6. Nc3 Qc7 7. Bd3 Nc6 8. Nxc6 dxc6 9. O-O Bc5 {LiveBook: 6 Games. B42: Sicilian: Kan Variation: 5 Bd3} (9... e5 10. Bg5 Be7 11. Qe2 O-O 12. Rac1 b6 13. h3 Re8 14. Rfd1 Bb7 15. a3 h6 16. Be3 Nd7 17. Bb1 Rad8 18. b4 {½-½ (26) Azarov,S (2635)-Gajewski,G (2643) Czechia 2014}) 10. Qf3 e5 11. Bg5 $146 ({Predecessor:} 11. Qg3 Qe7 12. Na4 Bd4 13. Be3 Bxe3 14. Qxe3 b5 15. Nb6 Rb8 16. Nxc8 Rxc8 17. Qb6 {½-½ (81) Bjornsson,T (2175)-Jonsson,G (1996) Reykjavik 2016}) 11... Qe7 {The position is equal.} 12. Rac1 Be6 13. a3 a5 14. Na4 Bd4 15. c5 h6 16. Be3 {[#]} (16. Bxf6 $11 {remains equal.} Qxf6 17. Qxf6 gxf6 18. Rfd1) 16... Rd8 $1 $17 17. Nc3 Bxe3 18. Qxe3 Ng4 19. Qg3 Qg5 20. Be2 Nf6 21. Rfd1 {Threatening Rxd8+.} Ke7 22. b4 axb4 23. axb4 Qxg3 24. hxg3 Rxd1+ 25. Rxd1 Ra8 26. f4 Ra3 27. Rc1 g6 28. Bf3 {[#]} (28. b5 $17) 28... g5 (28... Rb3 $1 $19 29. fxe5 Nd7 30. Nd5+ Kf8) 29. b5 Bc4 30. fxe5 Nd7 31. Nd5+ $2 {[%mdl 8192]} (31. bxc6 $17 bxc6 32. Ne2 Bxe2 33. Bxe2) 31... cxd5 $19 32. exd5 Nxe5 33. d6+ Kd7 34. Bxb7 Bxb5 35. Be4 Re3 36. Bf5+ Kc6 37. g4 Re2 38. Rc3 f6 39. Kh1 Re1+ 40. Kh2 Re2 $2 (40... Kd5 $19 {White must now prevent ...Re2.} 41. Kh3 Rd1) 41. Kg1 $2 {[%mdl 8192]} (41. Kh1 $1 $11 {and White is okay.} Bc4 42. d7) 41... Nd7 42. Bxd7+ (42. Kh2 {was necessary.}) 42... Kxd7 43. Rf3 Ke6 44. Rb3 Bc6 45. Rb6 Kd7 46. Ra6 Rxg2+ {[%mdl 32768] Precision: White = 22%, Black = 66%. . Loss on Time!?} 1-0

[Event "8th RTU Open 2018"]
[Site "Riga"]
[Date "2018.08.10"]
[Round "7"]
[White "Rostgaard, Tobias Valentin"]
[Black "Bolsakovs, Vadims"]
[Result "1-0"]
[WhiteElo "2386"]
[BlackElo "2197"]
[Annotator "NA"]
[PlyCount "147"]
[EventDate "2018.08.06"]
[EventType "swiss"]
[EventCountry "LAT"]
[SourceTitle "playchess.com"]
[Source "ChessBase"]
[SourceQuality "1"]
[TimeControl "5400+30"]

1. e4 {[%emt 0:01:40]} c6 {[%emt 0:08:47]} 2. d4 {[%emt 0:00:03]} d5 {[%emt 0:00:05]} 3. exd5 {[%emt 0:00:07]} cxd5 {[%emt 0:00:05]} 4. Bd3 {[%emt 0:00:04]} Nc6 {[%emt 0:00:19]} 5. c3 {[%emt 0:00:07]} Nf6 {[%emt 0:00:26]} 6. Bf4 {[%emt 0:00:08]} g6 {[%emt 0:00:40]} 7. Nd2 {[%emt 0:02:11]} Bf5 {[%emt 0:05:25]} 8. Bxf5 {[%emt 0:03:05]} gxf5 {[%emt 0:00:10]} 9. h4 {[%emt 0:02:41]} Rg8 {[%emt 0:05:40]} 10. Ne2 {[%emt 0:07:16]} e6 {[%emt 0:05:38]} 11. Kf1 {[%emt 0:05:36]} Ne4 {[%emt 0:08:19]} 12. f3 {[%emt 0:01:41]} Nf6 {[%emt 0:01:55]} 13. h5 {[%emt 0:04:30]} Bd6 {[%emt 0:02:27]} 14. Qe1 {[%emt 0:06:11]} Bxf4 {[%emt 0:13:12]} 15. Nxf4 {[%emt 0:00:10]} Qd6 {[%emt 0:04:32]} 16. Qe3 {[%emt 0:07:23]} O-O-O {[%emt 0:02:20]} 17. Re1 {[%emt 0:02:01]} Rg3 {[%emt 0:06:38]} 18. Ne2 {[%emt 0:02:05]} Rg7 {[%emt 0:10:03]} 19. Qh6 {[%emt 0:03:43]} Ne8 {[%emt 0:00:26]} 20. Nb3 {[%emt 0:01:31]} Ne7 {[%emt 0:07:44]} 21. Nc5 {[%emt 0:01:10]} b6 {[%emt 0:03:30]} 22. Nd3 {[%emt 0:00:15]} Ng8 {[%emt 0:00:41]} 23. Qe3 {[%emt 0:01:03]} h6 {[%emt 0:02:03]} 24. Ne5 {[%emt 0:00:24]} Kb7 {[%emt 0:01:41]} 25. a4 {[%emt 0:00:49]} Nef6 {[%emt 0:02:55]} 26. a5 {[%emt 0:01:15]} Nd7 {[%emt 0:01:28]} 27. axb6 {[%emt 0:00:47]} Nxe5 {[%emt 0:01:39]} 28. dxe5 {[%emt 0:00:57]} Qxb6 {[%emt 0:00:01]} 29. Qd2 {[%emt 0:04:17]} Ne7 {[%emt 0:02:10]} 30. Rh4 {[%emt 0:00:27]} Nc6 {[%emt 0:00:04]} 31. Nd4 {[%emt 0:02:48]} Rdg8 {[%emt 0:00:54]} 32. Re2 {[%emt 0:04:58]} Rg3 {[%emt 0:01:32]} 33. Qe3 {[%emt 0:08:17]} Qa6 {[%emt 0:02:03]} 34. Rh2 {[%emt 0:07:58]} Nxd4 {[%emt 0:00:47]} 35. cxd4 {[%emt 0:00:19]} Ka8 {[%emt 0:00:36]} 36. Kf2 {[%emt 0:06:22]} R3g5 {[%emt 0:00:31]} 37. Rc2 {[%emt 0:01:16]} Qa4 {[%emt 0:00:10]} 38. Qc3 {[%emt 0:00:54]} Rb8 {[%emt 0:00:33]} 39. Rh1 {[%emt 0:01:33]} Rgg8 {[%emt 0:00:01]} 40. Rhc1 {[%emt 0:01:05]} Rgc8 {[%emt 0:01:01]} 41. Qd2 {[%emt 0:00:32]} Rxc2 {[%emt 0:00:33]} 42. Rxc2 {[%emt 0:00:07]} Qb4 {[%emt 0:00:43]} 43. Qe3 {[%emt 0:03:35]} Qb3 {[%emt 0:00:25]} 44. Rd2 {[%emt 0:02:32]} Qc4 {[%emt 0:00:35]} 45. Qxh6 {[%emt 0:01:31]} Qc1 {[%emt 0:00:05]} 46. Qe3 {[%emt 0:00:22]} Qh1 {[%emt 0:00:54]} 47. Qg5 {[%emt 0:02:13]} Rh8 {[%emt 0:00:02]} 48. Rc2 {[%emt 0:00:54]} Qxh5 {[%emt 0:00:42]} 49. Qxh5 {[%emt 0:00:32]} Rxh5 {[%emt 0:00:01]} 50. Rc7 {[%emt 0:00:08]} Rh7 {[%emt 0:00:57]} 51. Ke3 {[%emt 0:00:27]} Rg7 {[%emt 0:00:23]} 52. b4 {[%emt 0:01:36]} Kb8 {[%emt 0:00:13]} 53. Re7 {[%emt 0:00:06]} a6 {[%emt 0:00:18]} 54. g3 {[%emt 0:00:11]} Ka8 {[%emt 0:00:14]} 55. Kf4 {[%emt 0:00:08]} Kb8 {[%emt 0:00:41]} 56. g4 {[%emt 0:00:06]} fxg4 {[%emt 0:00:13]} 57. fxg4 {[%emt 0:00:05]} Ka8 {[%emt 0:00:15]} 58. g5 {[%emt 0:00:07]} Kb8 {[%emt 0:00:17]} 59. g6 {[%emt 0:02:01]} Rxg6 {[%emt 0:00:12]} 60. Rxf7 {[%emt 0:00:12]} Rg1 {[%emt 0:00:57]} 61. Rf6 {[%emt 0:00:32]} Re1 {[%emt 0:01:14]} 62. Rxe6 {[%emt 0:01:03]} Re4+ {[%emt 0:00:01]} 63. Kf5 {[%emt 0:00:08]} Rxd4 {[%emt 0:00:09]} 64. Rxa6 {[%emt 0:00:15]} Rxb4 {[%emt 0:00:15]} 65. Rd6 {[%emt 0:01:08]} d4 {[%emt 0:00:46]} 66. e6 {[%emt 0:00:20]} Kc7 {[%emt 0:00:58]} 67. e7 {[%emt 0:00:45]} Kxd6 {[%emt 0:01:05]} 68. e8=Q {[%emt 0:00:07]} Kd5 {[%emt 0:01:09]} 69. Qe6+ {[%emt 0:00:29]} Kc5 {[%emt 0:00:02]} 70. Ke4 {[%emt 0:00:20]} Kb5 {[%emt 0:00:31]} 71. Kd5 {[%emt 0:00:26]} Ka4 {[%emt 0:00:33]} 72. Qa6+ {[%emt 0:00:29]} Kb3 {[%emt 0:00:11]} 73. Qd3+ {[%emt 0:00:15]} Kb2 {[%emt 0:01:12]} 74. Kc5 {[%emt 0:00:18]} 1-0

[Event "8th RTU Open 2018"]
[Site "Riga"]
[Date "2018.08.10"]
[Round "7"]
[White "Saveliev, Alexei"]
[Black "Kukk, Sander"]
[Result "0-1"]
[WhiteElo "2382"]
[BlackElo "2194"]
[Annotator "NA"]
[PlyCount "44"]
[EventDate "2018.08.06"]
[EventType "swiss"]
[EventCountry "LAT"]
[SourceTitle "playchess.com"]
[Source "ChessBase"]
[SourceQuality "1"]
[TimeControl "5400+30"]

1. e4 {[%emt 0:00:00]} g6 {[%emt 0:00:00]} 2. h4 {[%emt 0:00:00]} h5 {[%emt 0:00:48]} 3. d4 {[%emt 0:00:23]} Bg7 4. Nc3 {[%emt 0:00:29]} d6 {[%emt 0:09:04]} 5. Be3 {[%emt 0:02:46]} c6 {[%emt 0:01:12]} 6. Qd2 {[%emt 0:00:13]} Nf6 {[%emt 0:02:21]} 7. f3 {[%emt 0:00:06]} b5 {[%emt 0:04:00]} 8. Nh3 {[%emt 0:01:58]} Bxh3 {[%emt 0:06:47]} 9. Rxh3 {[%emt 0:00:08]} Nbd7 {[%emt 0:00:42]} 10. O-O-O {[%emt 0:03:13]} a6 {[%emt 0:02:19]} 11. Kb1 {[%emt 0:10:11]} Qc7 {[%emt 0:03:36]} 12. Ne2 {[%emt 0:14:24]} e5 {[%emt 0:09:13]} 13. Rh1 {[%emt 0:01:34]} d5 {[%emt 0:09:48]} 14. exd5 {[%emt 0:20:57]} Nxd5 {[%emt 0:00:31]} 15. Bg5 {[%emt 0:00:05]} N7b6 {[%emt 0:08:48]} 16. Qa5 {[%emt 0:10:03]} O-O {[%emt 0:07:33]} 17. g4 {[%emt 0:02:07]} hxg4 {[%emt 0:04:41]} 18. fxg4 {[%emt 0:00:07]} exd4 {[%emt 0:00:11]} 19. h5 {[%emt 0:09:30]} Qe5 {[%emt 0:10:03]} 20. h6 {[%emt 0:04:49]} Nc4 {[%emt 0:00:27]} 21. Qe1 {[%emt 0:00:02]} d3 {[%emt 0:01:44]} 22. Nc3 {[%emt 0:00:11]} Na3+ {[%emt 0:01:06]} 0-1

[Event "8th RTU Open 2018"]
[Site "Riga"]
[Date "2018.08.10"]
[Round "7"]
[White "Chekletsov, Ilya"]
[Black "Thybo, Jesper Sondergaard"]
[Result "0-1"]
[WhiteElo "2379"]
[BlackElo "2496"]
[Annotator "TA"]
[PlyCount "114"]
[EventDate "2018.08.06"]
[EventType "swiss"]
[EventCountry "LAT"]
[SourceTitle "playchess.com"]
[Source "ChessBase"]
[SourceQuality "1"]

{[%evp 15,114,8,15,12,10,10,22,20,45,45,45,44,48,45,60,55,66,65,71,63,61,28,34,-12,-23,-21,-14,-42,-49,-77,-83,-82,-74,-74,-64,-76,-6,-88,-90,-90,-90,-92,-92,-113,-108,-101,-101,-102,-102,-131,-88,-90,-74,-84,-83,-118,-119,-135,-108,-107,-122,-127,-117,-118,-124,-108,-113,-122,-109,-117,-114,-133,-154,-1479,-1342,-1750,-1731,-12831,-12831,-11083,-6311,-12815,-3916,-12836,-12836,-12837,-12837,-12837,-12837,-12839,-12839,-12845,-12845,-29981,-29982,-29982,-29983,-29983,-29984,-29984,-12847]} 1. d4 Nf6 2. c4 e6 3. g3 d5 4. Bg2 Bb4+ 5. Nd2 {[%cal Bb1d2,Bd2f3,Bf3e5,Be5d3][%mdl 32]} O-O 6. Ngf3 b6 7. O-O Bb7 8. Ne5 Nc6 {LiveBook: 7 Games. E16: Queen's Indian: 4 g3 Bb7 5 Bg2 Bb4+} (8... Bd6 9. cxd5 exd5 10. Ndc4 Be7 11. Bf4 Ne4 12. Nd2 Ng5 13. Bxg5 Bxg5 14. Rc1 Re8 15. e3 c5 16. dxc5 Rxe5 17. f4 Nc6 18. fxe5 Nxe5 {½-½ (44) Xu,X (2574)-Bu,X (2725) China 2018}) 9. Ndf3 Nxe5 10. Nxe5 Bd6 {The position is equal.} 11. Bg5 h6 12. Bxf6 gxf6 13. Nd3 c6 $1 14. Rc1 Re8 15. e4 $146 ({Predecessor:} 15. f4 Ba6 16. cxd5 cxd5 17. f5 {1-0 (50) Navrotescu,C (2443)-Ambrus,E (2294) Eforie Nord 1999}) 15... dxe4 16. Qg4+ Kh8 17. Qxe4 Bf8 18. b4 Re7 19. Qe3 Rd7 20. b5 Rxd4 21. bxc6 Bxc6 22. Bxc6 Rxd3 23. Qe2 Rc8 24. Rfd1 Rd6 25. Ba4 Rd4 ({Black should try} 25... f5 $17) 26. Rxd4 (26. Qe3 $11 Rd6 27. Qe2) 26... Qxd4 $17 27. Bb3 Qe5 28. Qd2 Kg7 29. Re1 {[#]} Rd8 $1 {[%mdl 512]} 30. Qc1 (30. Qxd8 Qxe1+) 30... Qf5 31. Rd1 {[#]} Bc5 $1 {[%mdl 512]} 32. Qb2 (32. Rxd8 $2 {is a self mate.} Qxf2+ 33. Kh1 Qf3#) 32... Rxd1+ 33. Bxd1 Kf8 34. Qd2 Ke7 35. Bc2 Qf3 36. Ba4 h5 {[%cal Bh6h5,Bh5h4][%mdl 32]} 37. Bd1 {[#]} Bxf2+ $1 {[%mdl 512]} 38. Kf1 (38. Qxf2 Qxd1+) 38... Qh1+ 39. Kxf2 {Hoping for Qb4+.} Qxh2+ 40. Ke1 Qxg3+ 41. Kf1 h4 42. Qb4+ Qd6 43. a3 a5 44. Qxd6+ $2 (44. Qb3 $17) 44... Kxd6 {[%mdl 4096] Endgame KB-KP} 45. Bh5 Kc5 46. Bxf7 e5 47. Be6 Kd4 48. Ke2 e4 49. a4 Ke5 50. Bh3 f5 {[%cal Bf6f5,Bf5f4,Bf4f3][%mdl 32]} 51. Ke3 f4+ 52. Ke2 Kd4 53. Be6 f3+ 54. Kf2 Ke5 {Black mates.} 55. Bh3 Kf4 56. Bf1 e3+ 57. Ke1 e2 {Precision: White = 38%, Black = 75%.} (57... Kg3 $142 58. c5 bxc5 59. Kd1 h3 60. Bxh3 Kxh3 61. Kc2 e2 62. Kd2 c4 63. Ke3 e1=Q+ 64. Kf4 f2 65. Kf5 f1=Q+ 66. Kg6 Qg3+ 67. Kh5 Qf5+ 68. Kh6 Qgg6#) 0-1